000 00199nam a2200097Ia 4500
008 240331s9999 xx 000 0 und d
082 _bART
100 _aThirumarei. ed
245 0 _aAatukai
942 _cL
999 _c3724
_d3724